LEADER 01197nam a2200289 4500 001 000000354344 003 CaOOAMICUS 005 20230802103034.0 008 230621s2012 it a 000 u ita r 020 $a978-88-7203-562-7 040 $aSeMil$bita 100 1 $aMolteni, Fedele,$d<1935- >.$0(OLS)http://semarc/name/54799 245 12$aL'intreccio :$b... fra la storia di Cornate d'Adda e la storia italiana /$cFedele Molteni. 264 1$aGorle :$bMarna,$c2012. 300 $a167 p. :$bill. ;$c24 cm 490 1 $aLa nuova cultura 541 0 $aOmaggio mons. Mario Delpini (3P III 256) 650 4$aCornate d'Adda.$0(OLS)http://semarc/subject/11541 830 3$aLa nuova cultura.$0(OLS)http://semarc/title/26998 850 $aSeMil 852 $aSeMil$W1$xVenegono$y1$m3P III 256$j242677$B245611$CSeMilBibl$Z2$F245611 $81 941 1 $a7 961 $aOmaggio mons. Mario Delpini 996 $6020$a978-88-7203-562-7$9(OLS)http://semarc/number/298391 996 $6245$aL'intreccio :$b... fra la storia di Cornate d'Adda e la storia italiana$9(OLS)http://semarc/title/444485 996 $6264$aGorle :$bMarna$9(OLS)http://semarc/publisher/53099 LEADER 00900nam a2200205 i 4500 001 000000023094 003 CaOOAMICUS 005 20180830125446.0 008 180830s1920 it u000 u ita u 040 $aSeMil$bita 100 1 $aSinopoli di Giunta, G. Pietro.$0(OLS)http://semarc/name/10291 245 10$aStoria letteraria della Chiesa /$cMonsignor G. P. Sinopoli di Giunta. 260 $aMilano :$bVita e Pensiero,$c1920-1922. 300 $a2 v. ;$c22 cm. 650 4$aLetteratura cristiana - Storia.$0(OLS)http://semarc/subject/3584 650 4$aPatristica.$0(OLS)http://semarc/subject/3585 774 0 $aSinopoli di Giunta, G. Pietro$tEpoca antinicena.$gVol.1$w()187124 774 0 $aSinopoli di Giunta, G. Pietro$tEvo antico.$gVol.2$w()187132 996 $6245$aStoria letteraria della Chiesa$9(OLS)http://semarc/title/30943 996 $6260$aMilano :$bVita e Pensiero$9(OLS)http://semarc/publisher/29642